000 003270000a22001450004500
003 MACL
040 _aMACL
090 _c33323
_d33321
100 _aHenderson, Chuck
245 _aMastering Macromedia Director 6
260 _bBPB Publications
_c1997
350 _a450
650 _aComputer Science
942 _cBOOK
_k004.6/HEN
999 _c32973
_d32973